Bankový controlling dizertačná práca

Salvato in:
Dettagli Bibliografici
Autore principale: Fodor, Zoltán
Ente Autore: Ekonomická univerzita v Bratislave. Fakulta podnikového manažmentu
Altri autori: Foltínová, Alžbeta
Natura: Libro
Lingua:slovacco
Pubblicazione: Bratislava 2010
Soggetti:
Tags: Aggiungi Tag
Nessun Tag, puoi essere il primo ad aggiungerne!!

MARC

LEADER 00000nam a2200000 4500
001 0123705
005 20240109072510.6
041 0 |a slo 
044 |a SK 
245 1 0 |a Bankový controlling  |b dizertačná práca  |c Zoltán Fodor ; Alžbeta Foltínová 
264 1 |a Bratislava  |c 2010 
300 |a 116 s. 
610 2 0 |a kontroling 
610 2 0 |a banky 
610 2 0 |a bankovníctvo 
610 2 0 |a riadenie 
100 1 |a Fodor, Zoltán 
700 1 |a Foltínová, Alžbeta 
710 2 |a Ekonomická univerzita v Bratislave. Fakulta podnikového manažmentu